00678nam a2200181 i 450000100060000000300090000600500170001500700030003200800410003510000400007624501080011626000640022430000220028870000280031085200210033899900170035995201200037683447ES-MaACL20230906174828.0t|041116s1934 cl ||||1| spa d1 aIrisarri, Antonio José de.96547910aEscritos polémicos / cAntonio José de Irisarri ; prólogo, selección y notas de Ricardo Donoso. aSantiago de Chile : b[s.n., c1934] (fImp. Universitaria) a448 p. ; c23 cm.1 aDonoso, Ricardo.945339 aES-MaACLjA-3651 c83447d83447 00104070aATENEOMbATENEOMcSPP1d2008-01-17eSCl0oA-3651p1087212r2023-02-23 00:00:00w2023-02-23yMONOGRAFIA